Compiladores : principios, técnicas y herramientas /
Guardado en:
| Autor Principal: | |
|---|---|
| Otros Autores: | , |
| Formato: | Libro |
| Idioma: | Spanish English |
| Publicado: |
Wilmington, Delaware : México, D.F. :
Addison-Wesley Iberoamericana ; Sistemas Técnicos de Edición,
c1990.
|
| Etiquetas: |
Agregar Etiqueta
Sin Etiquetas, Sea el primero en etiquetar este registro!
|
| LEADER | 01025nam a22002175a 4500 | ||
|---|---|---|---|
| 001 | MAT.inmabb004972 | ||
| 008 | 080822s1990####deua#####b####001#0#spa#d | ||
| 005 | 20151117174544.0 | ||
| 245 | 1 | 0 | |a Compiladores : |b principios, técnicas y herramientas / |c Alfred V. Aho, Ravi Sethi, Jeffrey D. Ullman ; versión en español de Pedro Flores Suárez y Pere Botella i López. |
| 260 | |a Wilmington, Delaware : |b Addison-Wesley Iberoamericana ; |a México, D.F. : |b Sistemas Técnicos de Edición, |c c1990. | ||
| 300 | |a xii, 820 p : |b il. ; |c 23 cm. | ||
| 500 | |a Traducción de: Compilers: principles, techniques, and tools. Reading, Mass. : Addison-Wesley, c1986. | ||
| 504 | |a Incluye referencias bibliográficas (p. 771-790) e índice. | ||
| 020 | |a 0201629038 (Addison-Wesley Iberoamericana) | ||
| 020 | |a 9686394583 (Sistemas Técnicos de Edición) | ||
| 100 | 1 | |a Aho, Alfred V. | |
| 700 | 1 | |a Sethi, Ravi. | |
| 700 | 1 | |a Ullman, Jeffrey D., |d 1942- | |
| 084 | |a 68N20 |2 msc2000 | ||
| 041 | 1 | |a spa |h eng | |
| 859 | |h 68 |i Ah286ce |p A-6414 |b BIB. MATEMATICA | ||
